skbl

Dr Suryya Kumar Bhuyan Library Web-OPAC
ডঃ সূৰ্য্য
কুমাৰ ভূঞা পুথিভঁৰাল ৱেব-অ'পেক

All Research Scholars are advised to clear the annual library fees to continue using Library Resources, Remote Access, Plagiarism Test and Library Clearance.

Cotton University Book Fair 2026

New Simplified Physics, Vol-II : (Record no. 57742)

MARC details
000 -LEADER
fixed length control field 00523nam a2200181Ia 4500
001 - CONTROL NUMBER
control field 57838
008 - FIXED-LENGTH DATA ELEMENTS--GENERAL INFORMATION
fixed length control field 140814n2014 ii |||gr||||Z||||||465
082 ## - DEWEY DECIMAL CLASSIFICATION NUMBER
Classification number 530
100 ## - MAIN ENTRY--PERSONAL NAME
Personal name Arora, SL,
Relator term Author.
245 #0 - TITLE STATEMENT
Title New Simplified Physics, Vol-II :
Remainder of title A Reference Book for Class XII /
Statement of responsibility, etc. S L Arora .
Medium Textual Documents
250 ## - EDITION STATEMENT
Edition statement 6th ed.
260 ## - PUBLICATION, DISTRIBUTION, ETC.
Place of publication, distribution, etc. New Delhi
Name of publisher, distributor, etc. Dhanpat Rai Pub (P) Ltd
Date of publication, distribution, etc. 2014
300 ## - PHYSICAL DESCRIPTION
Other physical details illust.;
Dimensions 26cm.
653 ## - INDEX TERM--UNCONTROLLED
Uncontrolled term Physics
653 ## - INDEX TERM--UNCONTROLLED
Uncontrolled term G-Physics
653 ## - INDEX TERM--UNCONTROLLED
Uncontrolled term Physics-Higher Secondary
942 ## - ADDED ENTRY ELEMENTS (KOHA)
Source of classification or shelving scheme Dewey Decimal Classification
Koha item type Books
Holdings
Withdrawn status Lost status Damaged status Not for loan Collection Home library Current library Shelving location Date acquired Source of acquisition Coded location qualifier Cost, normal purchase price Total checkouts Total renewals Full call number Barcode Date last seen Date last checked out Copy number Price effective from Koha item type Public note
          Dr. Suryya Kumar Bhuyan Library Dr. Suryya Kumar Bhuyan Library   14/08/2014 26 00000 750.00 3 5 530 Ar 67 Ne 3049/EL 04/03/2025 23/01/2025 1 14/08/2014 Books 26
          Dr. Suryya Kumar Bhuyan Library Dr. Suryya Kumar Bhuyan Library   14/08/2014 26 00000 750.00     530 Ar 67 Ne 3045/EL 14/01/2024   3 14/08/2014 Books 26
          Dr. Suryya Kumar Bhuyan Library Dr. Suryya Kumar Bhuyan Library   14/08/2014 26 00000 750.00     530 Ar 67 Ne 3047/EL 14/01/2024   2 14/08/2014 Books 26

Designed and Maintained by Team SKBL
©1901-2026

Powered by Koha